| Tag |
First Indicator |
Second Indicator |
Subfields |
| LEADER |
00000cam a22000001 4500 |
| 001 |
in00000074317 |
| 005 |
20230906142949.0 |
| 008 |
810815s1941 paua 000 0 eng |
| 010 |
|
|
|a 42014059
|
| 016 |
7 |
|
|a CAT11034315
|2 DNAL
|
| 016 |
7 |
|
|a 31410300R
|2 DNLM
|
| 016 |
7 |
|
|a 7910522
|2 DNLM
|
| 019 |
|
|
|a 2553616
|a 221093409
|
| 029 |
0 |
|
|a NLM
|b 31410300R
|
| 029 |
1 |
|
|a AU@
|b 000009470345
|
| 029 |
1 |
|
|a NLM
|b 7910522
|
| 029 |
1 |
|
|a NZ1
|b 4294192
|
| 035 |
|
|
|a (OCoLC)ocm14722522
|
| 035 |
|
|
|a (OCoLC)14722522
|z (OCoLC)2553616
|z (OCoLC)221093409
|
| 035 |
|
|
|a (OCoLC)ocm14722522
|
| 040 |
|
|
|a NLM
|b eng
|c NLM
|d CWR
|d AGL
|d TXQ
|d CGC
|d STF
|d UPM
|d OCLCF
|d OCLCQ
|d ZAP
|d OCLCQ
|d OCLCO
|
| 043 |
|
|
|a n-us---
|
| 050 |
0 |
0 |
|a HD7293
|b .A68
|
| 060 |
0 |
0 |
|a WA 795
|b A512ha 1941
|
| 070 |
0 |
|
|a 296.2
|b Am3H
|
| 072 |
|
0 |
|a X380
|
| 072 |
|
0 |
|a X800
|
| 082 |
0 |
|
|a 331.8330973
|
| 110 |
2 |
|
|a American Public Health Association.
|b Committee on the Hygiene of Housing.
|
| 245 |
1 |
0 |
|a Housing for health;
|b papers presented under the auspices of the Committee ...
|
| 260 |
|
|
|a Lancaster, Pa.,
|b Science Press Print. Co.,
|c 1941.
|
| 300 |
|
|
|a 221 pages
|b illustrations
|
| 336 |
|
|
|a text
|b txt
|2 rdacontent
|
| 337 |
|
|
|a unmediated
|b n
|2 rdamedia
|
| 338 |
|
|
|a volume
|b nc
|2 rdacarrier
|
| 500 |
|
|
|a "Basic principles of healthful housing. 2d ed.": pages 184-216.
|
| 505 |
0 |
|
|a Health and housing / C -- E.A. Winslow -- Enforcement and subsidy in the control of slums / L.M. Graves and A.F. Fletcher -- An experiment in housing survey and inspection procedures for health departments / G.C. Ruhland -- Housing codes / M.G. Lloyd -- Health centers and health services in housing projects / J.C. Leukhardt -- Heating, lighting, and noise conditions in recent housing projects / A.A. Twichell -- Heating and ventilation of the home / R.L. Davison -- Planning for recreation / F.J. Adams -- Family life as the basis for home planning / S.H. Riemer -- Social effects of good housing / F.S. Chapin -- Certain characteristics of urban housing and their relation to illness and accidents / R.H. Britten, J.E. Brown and Isidore Altman.
|
| 650 |
|
0 |
|a Housing
|z United States.
|
| 650 |
|
0 |
|a Public health
|z United States.
|
| 650 |
|
0 |
|a Housing.
|
| 650 |
|
0 |
|a Public health.
|
| 650 |
|
2 |
|a Housing
|
| 650 |
|
2 |
|a Public Health
|
| 651 |
|
2 |
|a United States
|
| 650 |
|
6 |
|a Santé publique
|z États-Unis.
|
| 650 |
|
6 |
|a Logement.
|
| 650 |
|
6 |
|a Santé publique.
|
| 650 |
|
7 |
|a housing (concept)
|2 aat
|
| 650 |
|
7 |
|a public health.
|2 aat
|
| 650 |
|
7 |
|a Housing.
|2 fast
|0 (OCoLC)fst00962245
|
| 650 |
|
7 |
|a Public health.
|2 fast
|0 (OCoLC)fst01082238
|
| 651 |
|
7 |
|a United States.
|2 fast
|0 (OCoLC)fst01204155
|
| 710 |
2 |
|
|a American Public Health Association.
|b Committee on the Hygiene of Housing.
|t Basic principles of healthful housing.
|
| 776 |
0 |
8 |
|i Online version:
|a American Public Health Association. Committee on the Hygiene of Housing.
|t Housing for health.
|d Lancaster, Pa., Science Press Print. Co., 1941
|w (OCoLC)598971691
|
| 776 |
0 |
8 |
|i Online version:
|a American Public Health Association. Committee on the Hygiene of Housing.
|t Housing for health.
|d Lancaster, Pa., Science Press Print. Co., 1941
|w (OCoLC)612832205
|
| 948 |
|
|
|h HELD BY TXA - 112 OTHER HOLDINGS
|
| 994 |
|
|
|a Z0
|b TXA
|
| 999 |
f |
f |
|s 2af3372d-1330-3cb3-b642-e551e9100f95
|i 7c11c211-7867-3ae5-92c1-c17518571610
|t 0
|
| 952 |
f |
f |
|p ric
|a Texas A&M University
|b Rellis Campus
|c Joint Library Facility
|d Remote Storage
|t 0
|e HD7293 .A68
|h Library of Congress classification
|i unmediated -- volume
|m A14800722324
|
| 998 |
f |
f |
|a HD7293 .A68
|t 0
|l Remote Storage
|